00409 a2200145 4500003000400000005001700004008004100021020001800062040000900080082002000089100002300109245007500132260004200207300001400249OSt20250610123141.0250530b |||||||| |||| 00| 0 eng d a9780143461760 coclc a658.4012bDHA/S aDhayanithy, Deepak aStrategy Huddle :bManagement lessons from sports /cDeepak Dhayanithy aHaryana:bPenguin Random Housec2021. a221 pages